书目信息 |
| 题名: |
结构力学
|
|
| 作者: | 阳日 主编 ;阳日 , 郑荣跃 , 阮澍铭 编 | |
| 分册: | ||
| 出版信息: | 北京 高等教育出版社 2005.05 |
|
| 页数: | 402页 | |
| 开本: | 23cm | |
| 丛书名: | ||
| 单 册: | ||
| 中图分类: | O342 | |
| 科图分类: | ||
| 主题词: | 结构力学--jie gou li xue--高等学校--教材 | |
| 电子资源: | ||
| ISBN: | 7-04-014482-4 | |
| 000 | 01098nam0 2200301 450 | |
| 001 | 012006856510 | |
| 005 | 20060926095910.62 | |
| 010 | @a7-04-014482-4@dCNY37.70 (含光盘) | |
| 100 | @a20060808d2005 km y0chiy0120 ea | |
| 101 | 0 | @achi |
| 102 | @aCN@b110000 | |
| 105 | @aa a 000yy | |
| 200 | 1 | @a结构力学@Ajie gou li xue@f阳日主编@Fyang ri zhu bian@g阳日 … [等] 编@Gyang ri…[deng]bian |
| 210 | @a北京@c高等教育出版社@d2005.05 | |
| 215 | @a402页@c图@d23cm@e光盘1片 | |
| 300 | @a教育科学"十五"国家规划课题研究成果 | |
| 304 | @a责任者还有 : 郑荣跃, 阮澍铭, 刘寿梅编 | |
| 307 | @a光盘 ISBN : 7-89493-874-2 | |
| 320 | @a有书目 (第401-402页)。 | |
| 330 | @a本书内容包括:概论、平面体系的几何组成分析、静定结构计算、结构位移计算、力法、位移法、影响机器应用、矩阵位移法、结构的动力计算、结构稳定计算。 | |
| 606 | 0 | @a结构力学@Ajie gou li xue@x高等学校@j教材 |
| 690 | @aO342@v4 | |
| 701 | 0 | @a阳日@Ayang ri@4主编 |
| 702 | 0 | @a阳日@Ayang ri@4编 |
| 702 | 0 | @a郑荣跃@Azheng rong yue@4编 |
| 702 | 0 | @a阮澍铭@Aruan shu ming@4编 |
| 801 | 0 | @aCN@c20060926 |
| 905 | @a10447@dO342@eY134 | |
| 结构力学/阳日主编/阳日 … [等] 编.-北京:高等教育出版社,2005.05 |
| 402页:图;23cm+光盘1片 |
| 教育科学"十五"国家规划课题研究成果 |
| ISBN 7-04-014482-4:CNY37.70 (含光盘) |
| 本书内容包括:概论、平面体系的几何组成分析、静定结构计算、结构位移计算、力法、位移法、影响机器应用、矩阵位移法、结构的动力计算、结构稳定计算。 |
| ● |
| 相关链接 |
|
|
|
正题名:结构力学
索取号:O342/Y134
 
预约/预借
| 序号 | 登录号 | 条形码 | 馆藏地/架位号 | 状态 | 备注 |
| 1 | 597702 | 205977022 | 自科库401/401自科库 52排5列1层/ [索取号:O342/Y134] | 在馆 | |
| 2 | 597703 | 205977031 | 自科库401/401自科库 52排5列1层/ [索取号:O342/Y134] | 在馆 | |
| 3 | 597704 | 205977040 | 自科库401/401自科库 52排5列1层/ [索取号:O342/Y134] | 在馆 |